000 00791nam a2200217Ii 4500
003 JO-AjNU
008 230605s9999||||xx |||||||||||||| ||und||
017 _a2009/6/2836
040 _aJO-AjNU
_bara
_erda
_cJO-AjNU
041 _aara
050 1 4 _aHF 5549 .5 .M3 .A22 2010
100 3 _aعبد الرحمن، بن عنتر,
_eauthor
_931636
245 0 0 _aادارة الموارد البشرية: المفاهيم والاسس، الابعاد ، الاستراتيجية
250 _aط العربية
264 3 1 _aعمان: دار اليازوري العلمية للنشر والتوزيع،2010
300 _a304ص
336 _atext
_btxt
_2rdacontent
337 _aunmediated
_bn
_2rdamedia
338 _avolume
_bnc
_2rdacarrier
650 4 _aادارة الافراد
_931637
999 _aA12675
_c16243
_d16243